00975nam a2200193 a 4500001001000000003000400010005001700014008004100031040002500072082002900097100002300126245023400149246003300383260007700416300004700493500012100540600005300661650006700714000026731OSt20250411115407.0110324s1943 dr 000 0 spa d aDO-SdBNPbspacBNPHU 4a923.17293053bT866h2 221 aXimpa, Luis Carlos00aÁlbum homenaje al generalísimo Doctor Rafael Leónidas Trujillo Molina, benefactor de la patria y presidente de la República :bcon motivo de su exaltación a la más alta magistratura del Estado /cLuis García Xiampa 13aÁlbum homenaje a Trujillo  aCiudad Trujillo, República Dominicana :bEdiciones Ximpa-Campa,c1943. a[265] p. :bils., fots., retrs. ;c47 cm. a"Ideado por el pintor y dibujante Luis García Ximpa, bajo cuya dirección se ha realizado la presente edición. 14aTrujillo Molina, Raael Leonidasd1891-1961x y  4aDiscuros presidenciales xHistoria yEra de Trujillo 1930-1961